[Event "Quebec-ch op"]
[Site "Montreal"]
[Date "2013.07.25"]
[Round "6"]
[White "Porper, Edward"]
[Black "Perez Garcia, Rodney Oscar"]
[Result "0-1"]
[WhiteElo "2453"]
[BlackElo "2364"]
[PlyCount "114"]
[EventDate "2013.07.21"]
[EventType "swiss"]
[EventRounds "9"]
[EventCountry "CAN"]
[SourceTitle "EXT 2014"]
[Source "ChessBase"]
[SourceDate "2013.11.20"]
[SourceVersion "1"]
[SourceVersionDate "2013.11.20"]
[SourceQuality "1"]

1. c4 c6 2. e4 d5 3. exd5 cxd5 4. cxd5 Nf6 5. Nc3 Nxd5 6. d4 e6 7. Nf3 Be7 8. Bd3 Nc6 9. 0-0 0-0 10. Re1 Nf6 11. a3 b6 12. Be3 Bb7 13. Qe2 Qd6 14. Nb5 Qd8 15. Rad1 Nd5 16. Bc1 Rc8 17. Qe4 g6 18. Qg4 a6 19. Nc3 Nxc3 20. bxc3 Na5 21. Ng5 Rxc3 22. Nxh7 Rxd3 23. Rxd3 Kxh7 24. Qf4 Bf6 25. Qh6+ Kg8 26. Rh3 Re8 27. Bd2 Nc6 28. Qh7+ Kf8 29. Rf3 Qxd4 30. Bh6+ Ke7 31. Bg5 Rh8 32. Qxh8 Bxg5 33. Qxd4 Nxd4 34. Rd3 Nc6 35. Red1 Ne5 36. Rd6 b5 37. Rb6 Bd5 38. Rxa6 Nc4 39. Rb1 Nd6 40. a4 bxa4 41. Rxa4 e5 42. Re1 Ke6 43. f3 Bd2 44. Re2 Bc3 45. f4 e4 46. Kf2 Bc6 47. Ra6 Bd4+ 48. Kg3 Bb7 49. Ra5 e3 50. h4 Bd5 51. Kh3 Nc4 52. Rb5 Be4 53. g4 Bd3 54. Re1 Bc3 55. Rh1 Nd2 56. Rb6+ Kd5 57. Re1 Bf1+ 0-1

[Event "Quebec-ch op"]
[Site "Montreal"]
[Date "2013.07.24"]
[Round "5"]
[White "Kraiouchkine, Nikita"]
[Black "Porper, Edward"]
[Result "1/2-1/2"]
[WhiteElo "2234"]
[BlackElo "2453"]
[PlyCount "70"]
[EventDate "2013.07.21"]
[EventType "swiss"]
[EventRounds "9"]
[EventCountry "CAN"]
[SourceTitle "EXT 2014"]
[Source "ChessBase"]
[SourceDate "2013.11.20"]
[SourceVersion "1"]
[SourceVersionDate "2013.11.20"]
[SourceQuality "1"]

1. e4 e6 2. d4 d5 3. e5 c5 4. c3 Nc6 5. Nf3 Bd7 6. a3 f6 7. b4 c4 8. h4 b5 9. Bf4 a5 10. Nbd2 axb4 11. axb4 Nxb4 12. cxb4 Bxb4 13. Qc1 Ne7 14. Be2 Nc6 15. 0-0 0-0 16. Rd1 Be8 17. exf6 gxf6 18. g4 Bg6 19. h5 Rxa1 20. Qxa1 Bc2 21. Rc1 Ba4 22. Kh1 e5 23. Be3 Qe8 24. dxe5 fxe5 25. Nxc4 dxc4 26. Bxc4+ bxc4 27. Qxa4 Qe6 28. Ng5 Qd5+ 29. Kh2 e4 30. Qc2 Ne5 31. Qxe4 Qxe4 32. Nxe4 Nxg4+ 33. Kg3 Nxe3 34. fxe3 Rc8 35. Kf4 c3 1/2-1/2